[Event "AUTO-ADV-1151"]
[Site "http://www.queenalice.com/game.php?id=510613"]
[Date "2008.12.21"]
[Round "1"]
[White "Prufrock"]
[Black "Mikalus"]
[Result "1-0"]
[WhiteElo "1839"]
[BlackElo "1852"]

1. Nf3 c5 2. c4 Nc6 3. g3 e6 4. Bg2 Nf6 5. Nc3 a6 6. d3 d5 7. Bg5 Be7 8. O-O Ng4
9. Bxe7 Qxe7 10. cxd5 Nb4 11. a3 Nxd5 12. Qa4+ Bd7 13. Qxg4 O-O 14. Ne5 Nf6 15.
Nxd7 Qxd7 16. Qg5 h6 17. Qxc5 Rfc8 18. Qe5 Rab8 19. d4 b5 20. Rfc1 Ng4 21. Qf4
Nf6 22. b4 Nd5 23. Nxd5 exd5 24. Rc5 Rd8 25. Bxd5 Qe7 26. Rc7 1-0

[Event "AUTO-ADV-1151"]
[Site "http://www.queenalice.com/game.php?id=510628"]
[Date "2008.12.21"]
[Round "1"]
[White "Prufrock"]
[Black "omentus64"]
[Result "1-0"]
[WhiteElo "1870"]
[BlackElo "1948"]

1. c4 e5 2. Nc3 Nf6 3. e3 d5 4. cxd5 Nxd5 5. Nxd5 Qxd5 6. Ne2 Bg4 7. Nc3 Qd7 8.
Be2 Bxe2 9. Qxe2 Bd6 10. d4 O-O 11. dxe5 Bxe5 12. O-O Bxc3 13. bxc3 Nc6 14. e4
Rfe8 15. Rb1 b6 16. f3 f5 17. Qc4+ Kh8 18. exf5 Ne5 19. Qf4 Nd3 20. Qg5 Qd6 21.
Kh1 Qc5 22. g4 Nf2+ 23. Kg2 Re2 24. Kg3 Nd3 25. f6 Qxg5 26. Bxg5 gxf6 27. Bxf6+
Kg8 28. Rbd1 Kf7 29. g5 Nc5 30. Rf2 Rae8 31. Rd8 Rxf2 32. Kxf2 Rxd8 33. Bxd8 c6
34. Ke3 Ke6 35. c4 Kf5 36. h4 Kg6 37. Be7 Ne6 38. Ke4 Kf7 39. Bd6 c5 40. f4 Nd4
41. f5 Ne2 42. Be5 Nc1 43. a4 Nb3 44. Kd5 Nd2 45. Bb8 Nf3 46. Bxa7 Nxh4 47. Ke4
Ke7 48. Bxb6 Kd6 49. f6 Ng6 50. a5 Kc6 51. f7 Nf8 52. Bd8 Kd7 53. a6 1-0

[Event "AUTO-ADV-1151"]
[Site "http://www.queenalice.com/game.php?id=510629"]
[Date "2008.12.21"]
[Round "1"]
[White "omentus64"]
[Black "Prufrock"]
[Result "0-1"]
[WhiteElo "1951"]
[BlackElo "1834"]

1. e4 c5 2. Bc4 Nf6 3. e5 d5 4. Be2 Nfd7 5. f4 e6 6. Nf3 Nc6 7. O-O Be7 8. Bb5
Qb6 9. Bxc6 bxc6 10. Nc3 Ba6 11. d3 O-O 12. Bd2 c4+ 13. d4 Qxb2 14. a4 Qb6 15.
Rb1 Qc7 16. h3 Rfb8 17. Qe2 Rxb1 18. Rxb1 Rb8 19. Qd1 Rxb1 20. Qxb1 Qb6 21. Kh2
Qxb1 22. Nxb1 c5 23. c3 Bb7 24. Be3 a5 25. Na3 cxd4 26. Bc1 dxc3 27. Kg1 Bc5+
28. Kf1 Nb6 29. Nb5 Nxa4 30. Nd6 Bc6 31. Ke2 f6 32. g3 c2 33. Kd2 d4 34. Nxd4
Bxd4 35. Kxc2 c3 36. exf6 gxf6 37. Nc4 Be4+ 38. Kb3 Nc5+ 39. Ka3 Nd3 40. Be3 c2
41. Bd2 Bc3 42. Be3 c1=Q+ 43. Bxc1 Nxc1 44. g4 Bb4+ 45. Kb2 Nd3+ 46. Kb3 Bd5 47.
g5 fxg5 48. fxg5 Kg7 49. h4 Kg6 50. Kc2 Bxc4 0-1

[Event "AUTO-ADV-1151"]
[Site "http://www.queenalice.com/game.php?id=510630"]
[Date "2008.12.21"]
[Round "1"]
[White "Prufrock"]
[Black "Richardlim"]
[Result "0-1"]
[WhiteElo "1879"]
[BlackElo "2060"]

1. c4 c5 2. g3 Nc6 3. Bg2 Nf6 4. Nf3 Na5 5. d3 Nc6 6. Bg5 Nb4 7. Nc3 d5 8. a3
Nc6 9. Bxf6 exf6 10. cxd5 Ne7 11. Qa4+ Bd7 12. Qb3 Rb8 13. O-O b6 14. Rfd1 g6
15. d4 cxd4 16. Ne4 Nf5 17. Nxd4 Nxd4 18. Qe3 Bc5 19. Nxc5+ Qe7 20. Qxe7+ Kxe7
21. d6+ Kd8 22. Nxd7 Kxd7 23. Rxd4 Rbc8 24. b4 Rc6 25. Bxc6+ Kxc6 26. Rc1+ Kb7
27. Rc7+ Kb8 28. Rxf7 f5 29. d7 Rd8 30. Rxh7 Kb7 31. Rg7 Kb8 0-1

[Event "AUTO-ADV-1151"]
[Site "http://www.queenalice.com/game.php?id=510631"]
[Date "2008.12.21"]
[Round "1"]
[White "Richardlim"]
[Black "Prufrock"]
[Result "1-0"]
[WhiteElo "1962"]
[BlackElo "1890"]

1. e4 c5 2. c4 g6 3. Nc3 Nc6 4. d3 Bg7 5. Nge2 Nf6 6. g3 Qb6 7. b3 Nd4 8. Nxd4
cxd4 9. Ne2 d6 10. Bg2 Bg4 11. Bb2 e5 12. Qc2 Qa5+ 13. Qd2 Qxd2+ 14. Kxd2 O-O
15. h3 Bxe2 16. Kxe2 Rac8 17. a4 b6 18. Ba3 Rcd8 19. Rhe1 Rfe8 20. Kf1 a5 21.
Bc1 Nd7 22. h4 Nc5 23. Ke2 Nxb3 24. Rb1 Nxc1+ 25. Rexc1 Rb8 26. Bh3 Rf8 27. Rb5
f5 28. exf5 gxf5 29. f4 Bh6 30. Kf3 Rbe8 31. Rg1 exf4 32. Bxf5 1-0

[Event "Challenge"]
[Site "http://www.queenalice.com/game.php?id=516336"]
[Date "2009.1.3"]
[Round "-"]
[White "MineirinhoCQ"]
[Black "Prufrock"]
[Result "0-1"]
[WhiteElo "1814"]
[BlackElo "1862"]

1. d4 Nf6 2. c4 e5 3. dxe5 Ng4 4. Nf3 Bb4+ 5. Bd2 Qe7 6. a3 Bxd2+ 7. Nbxd2 O-O
8. e3 Nxe5 9. Nxe5 Qxe5 10. b4 a5 11. b5 d6 12. h3 Bf5 13. Be2 Nd7 14. O-O Nc5
15. Nf3 Qb2 16. Nd4 Be4 17. f4 Rfe8 18. Rf2 Qc3 19. Bf1 Qxe3 20. Nc2 Qg3 21. Nd4
a4 22. f5 Nb3 23. Raa2 Nxd4 24. Qxd4 Qe5 25. Qxe5 Rxe5 26. Rae2 Rae8 27. g4 g6
28. fxg6 hxg6 29. Re3 Kg7 30. Rb2 b6 31. Rb4 Bc2 32. Rc3 Bb3 33. Kh2 Re1 34. Bg2
R8e2 0-1

[Event "Rematch?"]
[Site "http://www.queenalice.com/game.php?id=529688"]
[Date "2009.1.26"]
[Round "-"]
[White "Pawngal"]
[Black "Prufrock"]
[Result "0-1"]
[WhiteElo "1369"]
[BlackElo "1877"]

1. e4 c5 2. Nf3 d6 3. Nc3 Nc6 4. Bb5 Bd7 5. O-O Nf6 6. d3 Nd4 7. Nxd4 cxd4 8.
Bxd7+ Qxd7 9. Bf4 e5 10. Bg5 dxc3 11. bxc3 Be7 12. Qf3 Nxe4 13. Bxe7 Nd2 14. Qg3
Nxf1 15. Kxf1 Kxe7 16. Qh4+ f6 17. d4 Qb5+ 18. Ke1 Qb2 19. Rd1 Qxc3+ 20. Rd2
Qa1+ 21. Rd1 Qxa2 22. dxe5 Qa5+ 23. Kf1 dxe5 24. Qh3 Rad8 25. Rxd8 Rxd8 26. g4
Rd1+ 27. Kg2 Qd5+ 28. f3 Qd2+ 29. Kg3 Qe1+ 30. Kg2 Qg1# 0-1

[Event "mauricio_sm-2"]
[Site "http://www.queenalice.com/game.php?id=536963"]
[Date "2009.2.8"]
[Round "2"]
[White "Prufrock"]
[Black "EdsonEstevam"]
[Result "0-1"]
[WhiteElo "1860"]
[BlackElo "1574"]

1. e4 e5 2. Nf3 Nc6 3. c4 Bc5 4. Nc3 d6 5. Be2 Bg4 6. Qb3 b6 7. Qb5 Bd7 8. Qb3
Nf6 9. d3 Ng4 10. O-O O-O 11. Bg5 f6 12. Bh4 a5 13. h3 Nh6 14. Nd5 Nb4 15. a3
Nxd5 16. cxd5 a4 17. Qc2 Nf7 18. Rfd1 Ng5 19. Bxg5 fxg5 20. d4 exd4 0-1

[Event "Of course, another game!"]
[Site "http://www.queenalice.com/game.php?id=548538"]
[Date "2009.3.1"]
[Round "-"]
[White "Prufrock"]
[Black "BboyH"]
[Result "1-0"]
[WhiteElo "1855"]
[BlackElo "1825"]

1. Nf3 d5 2. e3 Nc6 3. Bb5 Bd7 4. O-O e6 5. Bxc6 Bxc6 6. Nd4 Qd7 7. d3 e5 8.
Nxc6 Qxc6 9. Qh5 Qe6 10. Qg5 h6 11. Qg3 g6 12. Nc3 Bd6 13. Bd2 a6 14. Qh4 Nf6
15. e4 d4 16. Ne2 O-O-O 17. f4 g5 18. fxg5 hxg5 19. Qxg5 Be7 20. a3 Nxe4 21. Qg7
f6 22. dxe4 Rdg8 23. Qxh8 Rxh8 24. Ng3 Bc5 25. b4 Bb6 26. Kh1 Qg4 27. Rf3 c6 28.
a4 d3 29. Nf5 dxc2 30. Rc1 Qxe4 31. Nd6+ 1-0

[Event "Another one?"]
[Site "http://www.queenalice.com/game.php?id=570524"]
[Date "2009.4.11"]
[Round "-"]
[White "BboyH"]
[Black "Prufrock"]
[Result "0-1"]
[WhiteElo "1881"]
[BlackElo "1874"]

1. d4 Nf6 2. Bg5 d5 3. Nf3 Bg4 4. e3 a6 5. Bd3 Ne4 6. Be2 Bxf3 7. Bxe7 Bxe2 8.
Qxe2 Bxe7 9. Qg4 O-O 10. h4 Qd7 11. Qf3 Qb5 12. b3 Qc6 13. Qd1 Qf6 14. Qe2 Bb4+
15. Kf1 Ng3+ 0-1